¿Por qué dependemos de la biodiversidad? (Registro nro. 17816)

Detalles MARC
000 -LDR (LÍDER)
Campo de control de longitud fija 02782nam a2200337 a 4500
003 - IDENTIFICADOR DEL NÚMERO DE CONTROL
Campo de control CO-PeBPR
005 - FECHA Y HORA DE LA ÚLTIMA TRANSACCIÓN
Campo de control 20260429095500.0
008 - ELEMENTOS DE DATOS DE LONGITUD FIJA--INFORMACIÓN GENERAL
Campo de control de longitud fija 260415e2024 ck a|||| n||| 00| 0 spa c
020 ## - Código Internacional normalizado para libros
Código Internacional normalizado para libros 9789580806332
040 0# - FUENTE DE CATALOGACIÓN
Agencia catalogadora original CO-PeBPR
Idioma de la agencia catalogadora spa
Agencia que transcribe CO-PeBPR
Norma para la descripción rda
041 0# - Código del Idioma
Código idioma del recurso original spa
082 04 - NÚMERO DE CLASIFICACIÓN DECIMAL DEWEY
Número de clasificación 333.95 S211p
100 1# - ASIENTO PRINCIPAL--NOMBRE PERSONAL
Nombre personal Sánchez, Juan Armando
Términos de relación autor
245 10 - MENCIÓN DE TÍTULO
Título propiamente dicho ¿Por qué dependemos de la biodiversidad?
Subtítulo o título paralelo : La oportunidad que no podemos dejar pasar
Mención de responsabilidad / Juan Armando Sánchez Muñoz
250 ## - MENCIÓN DE EDICIÓN
Mención de edición Edición especial
264 #1 - Área de la Producción Publicación, Distribución, Manufactura, etc.
Lugar de publicación, distribución, etc. Bogotá, Colombia
Nombre de la editorial, distribuidor, etc. : Universidad de los Andes : Intermedio editores
Fecha de publicación, distribución, etc. , 2024
300 ## - DESCRIPCIÓN FÍSICA
Extensión 191 páginas
Otros detalles físicos : ilustraciones en blanco y negro, 8 páginas de láminas a color sin numerar
Dimensiones ; 24 centímetros
336 ## - Tipo de Contenido
Tipo de contenido texto
Código de tipo de contenido txt
Fuente rdacontenido
337 ## - Tipo de Medio
Tipo de Medio sin mediación
Código de tipo de medio n
Fuente rdamedio
338 ## - Tipo de Soporte
Tipo de soporte volumen
Código de tipo de soporte nc
Fuente rdasoporte
490 ## - MENCIÓN DE SERIE
Título de la serie Plan Nacional de Lectura, Escritura y Oralidad / Ministerio de Cultura, Las Artes y los Saberes
500 ## - NOTA GENERAL
Nota general Incluye índice.
500 ## - NOTA GENERAL
Nota general Incluye datos biográficos del autor.
504 ## - NOTA DE BIBLIOGRAFIA, ETC.
Nota de bibliografía Incluye bibliografía.
520 ## - NOTA DE RESUMEN, ETC.
Nota de sumario El ser humano no puede separarse de la biodiversidad. Nuestras funciones vitales y nuestra salud están inmersas en las sinergias con otras especies; de hecho, es mayor la cantidad de microorganismos con los que convivimos que la de nuestras propias células. Por eso, desligarse de la biodiversidad es la mayor amenaza contra la supervivencia humana, así como el modelo de desarrollo actual que afecta adversamente nuestro soporte vital. Para entender esta interdependencia, es necesario integrar tanto la vida marina como la terrestre, y Colombia, un país megadiverso con acceso a dos océanos, es el lienzo perfecto para construir este mensaje: la naturaleza tiene soluciones sencillas y sostenibles a los problemas emergentes de la sociedad. Los nuevos retos de un ambiente cambiante hacen que surjan preguntas cada vez más relevantes y que debemos atender si queremos prosperar como individuos y como sociedad: ¿Podremos prevenir una nueva pandemia de origen viral? ¿Cómo alimentaremos a una sociedad que crece constantemente? ¿Cómo nos afectará la extinción de las especies? ¿Funcionamos igual que el resto de los seres vivos? ¿Son nuestros cuerpos eco-sistemas para otras especies? ¿Existe un mejor modelo de desarrollo? Este libro es un acercamiento a estas discusiones y a la biodiversidad colombiana, nuestro mayor tesoro. Estamos ante una oportunidad que no podemos dejar pasar... Tomado de la contra cubierta.
650 14 - ASIENTO SECUNDARIO DE MATERIA - TÉRMINO TEMÁTICO
Fuente del encabezado o término LEMB
Encabezamiento temático Diversidad biológica
Subdivisión general Aspectos sociales
650 14 - ASIENTO SECUNDARIO DE MATERIA - TÉRMINO TEMÁTICO
Fuente del encabezado o término LEMB
Encabezamiento temático Biodiversidad
Subdivisión geográfica Colombia
650 14 - ASIENTO SECUNDARIO DE MATERIA - TÉRMINO TEMÁTICO
Fuente del encabezado o término LEMB
Encabezamiento temático Conservación de la biodiversidad
Subdivisión geográfica Colombia
650 14 - ASIENTO SECUNDARIO DE MATERIA - TÉRMINO TEMÁTICO
Fuente del encabezado o término LEMB
Encabezamiento temático Conservación del medio ambiente
942 ## - ENTRADA DE ELEMENTOS AGREGADOS (KOHA
Fuente de clasificación o esquema de estantería. Dewey Decimal Classification
Tipo de ítem Libro
Existencias
Estado de pérdida Fuente del sistema de clasificación o colocación Estado de daño No disponible para préstamo Colección Biblioteca de origen Biblioteca actual Ubicación en estantería Signatura topográfica completa Ejemplar Código de barras Tipo de ítem Fecha de adquisición Fuente de adquisición Total de pagos Fecha de la última vez visto
  Dewey Decimal Classification     General Sala de Patrimonio Bibliográfico y Documental - Biblioteca Departamental Sala de Patrimonio Bibliográfico y Documental - Biblioteca Departamental Área General 333.95 S211p Ej.1 RIBPD16008 Libro 29/04/2026 Dotación MinCultura y BNC   29/04/2026